000 00531nam a2200193Ia 4500
001 35086
003 IN-NITTTR
005 20251114233432.0
008 251113s9999||||xx |||||||||||||| ||eng||
040 _beng
040 _cIN-NITTTR
041 _aeng
082 _aTK7874 .T47 2011
100 _aJantsch, Axel.
245 0 _a3D Integration for NoC-based SoC Architectures /
_cJantsch, Axel., Petrot, Fre?de?ric., Sheibanyrad, Abbas.
700 _a Petrot, Fre?de?ric.
700 _a Sheibanyrad, Abbas.
942 _2ddc
_cBK
999 _c35250
_d35250